000 00683nam a2200205Ia 4500
001 15217
003 GE_BSU
008 181216s||||||||xx |||||||||||||| ||und||
040 _cGE_BSU
080 _a821.353.1+821.353.1-3
100 _aშატბერაშვილი,გიორგი
245 _aთხზულებანი ოთხ ტომად. ტ.2. პროზა
245 _cრედ. ქ.თავაძე. მხატვ.დ.დუდნდუა
260 _aთბილისი
260 _bსაბჭოთა საქართველო
260 _c1972
300 _a556გვ.20სმ.
653 _aპროზა
942 _cBK
999 _c48329
_d48329